Quizzes
Events
Quiz Creation
Community
Videos
Private Events
Remove Ads
Sign In
Join for FREE
Feedback
Dark Mode
Quiz Categories
Sports
Geography
Music
Movies
Television
Just For Fun
Miscellaneous
History
Literature
Language
Science
Gaming
Entertainment
Religion
Holiday
For Kids
Quiz Lab
Recent
Popular Today
Quiz Kudos Today
Editor Picks
Curator Picks
Quizzes by...
Day
Popularity
Type
Ratings
Length
Year
Community
Subscriptions
Recent Discussions
Orange Saloon
Badges
Playlists
Quests
Create
Leaderboards
Showdown
Live 5
Trivia Bingo
Activity
Puzzle Library
Sporcle Events
Private Events
Virtual Trivia
Globe League
Become a Host
Pub Owners
SporcleCon
Opinionation
Our Games
Videos
Blog
Mobile Apps
Partnerships
Remove Ads and Go Orange
Feedback
Music
Pop Music
The Beatles
Song
Album
Lyrics
Bands
Singers
Artist
Clip
Rock
Rap
Classical
Billboard
Country Music
Kpop
Taylor Swift
Music
Pop Music
The Beatles
Song
Album
Lyrics
Bands
Singers
Artist
Clip
Rock
Rap
Classical
Billboard
Country Music
Kpop
Taylor Swift
Random Quiz
Search Sporcle
×
Quiz Lab
Quiz Lab
Music
Kenny
Type in answers that appear in a list
Type in answers that appear in a list
Classic
Best Score? Go Orange.
Kenny Loggins Danger Zone Lyrics Stats
Can you name the Danger Zone lyrics?
By
Camel619
10m
130 Questions
687 Plays
687 Plays
687 Plays
Comments
Comments
Give Quiz Kudos
Give Quiz Kudos
-
- Ratings
hide this ad
Replay
Link that replays current quiz
Next Quiz
Link to next quiz in quiz playlist
You Got
0%
They Got
Avg Score
74%
Avg Friend Score
Upgrade to see
Score Distribution
Jump to the score distribution portion of the page
Score
0/130
Timer
10:00
0
Plays Today
% Correct
danger
99.1%
danger
99.1%
danger
99.1%
danger
99.1%
danger
99.1%
danger
99.1%
danger
99.1%
and
99%
the
99%
the
99%
the
99%
And
99%
the
99%
the
99%
the
99%
The
99%
the
99%
The
99%
the
99%
the
99%
the
99%
the
99%
the
99%
zone
98.8%
zone
98.8%
zone
98.8%
zone
98.8%
zone
98.8%
zone
98.8%
zone
98.8%
to
98.1%
to
98.1%
to
98.1%
to
98.1%
to
98.1%
to
98.1%
to
98.1%
to
98.1%
I
95.6%
high
93.9%
you
90.5%
Highway
90.5%
you
90.5%
you
90.5%
% Correct
you
90.5%
you
90.5%
you
90.5%
you
90.5%
you
90.5%
Highway
90.5%
you
90.5%
Highway
90.5%
Highway
90.5%
go
89.8%
go
89.8%
into
89.5%
into
89.5%
into
89.5%
into
89.5%
into
89.5%
take
85.3%
take
85.3%
Right
81.5%
up
78%
up
78%
your
72.2%
it
71.2%
it
71.2%
can
70.7%
can
70.7%
engine
70.6%
on
68.9%
on
68.9%
be
67.8%
her
67%
her
67%
Gonna
66.5%
do
65.9%
Listen
65.8%
Revving
63.9%
never
63.2%
never
63.2%
what
61.7%
out
61.1%
Out
61.1%
say
61%
know
61%
overdrive
59.2%
% Correct
as
57.6%
as
57.6%
hello
57.2%
get
56.9%
get
56.9%
wings
56.5%
got
55%
edge
54.4%
twilight
54.3%
tonight
54.3%
You'll
53.7%
You'll
53.7%
Ride
52.8%
Spreading
52.8%
off
52.4%
Until
52.3%
Until
52.3%
intensity
51.4%
howling
51.2%
touch
50.7%
roar
50.5%
She
50.1%
hotter
50.1%
Begging
48.3%
where
47.7%
red
47.6%
I'll
47.5%
Heading
46.6%
jumping
46.1%
tension
44.7%
under
44.3%
line
43.8%
Always
42.9%
shoving
42.5%
overload
41.8%
further
40.9%
Metal
40.5%
burn
39.6%
Riding
33.5%
edges
24.7%
along
22.7%
track
18.8%
Quiz Playlist
Details
Report
Send in Message
Add To Playlist
Classic:
Type in answers that appear in a list
Last Updated: Feb 16, 2017
Quiz Scoreboard
CHALLENGE
Sign Up to Join the Scoreboard
Show All
Scores
Hide
Comments
May contain spoilers
Recently Published
Decade Duel: World Leaders
by jenniferyan
History
4m
Alphabetical 'K' Countries by Flag Minefield
by ylime102
Geography
3m
Pick 6: Fruits
by JohnFran
Miscellaneous
15s
More to Explore
Quiz From the Vault
Featured Blog Post
15 Basketball Trivia Facts You Can Be March Mad About
hide this ad
You Might Also Like...
Tags
Danger
Kenny
Zone
Today's Top Quizzes in Music
Browse Music
hide this ad
Today's Top Quizzes in Kenny
Browse Kenny
Top Contributed Quizzes in Music
1
Taylor Swift All Songs (2024)
2
KPOP LOGIC QUIZ
3
Taylor Swift Logic Puzzle
4
Decade Duel: Singer
5
Guess the Taylor Swift song (Mystery Song)
6
A Taylor Swift Logic Puzzle
7
Guess The Taylor Swift Lyrics Song #1
8
kpop group name match up
9
2 word kpop group match
10
K-Pop : 100 Debut Songs (Part 1 of 3)
Explore More
Trending Topics
Kpop
Anime
Crossword
Disney
Marvel
NBA
Harry Potter
Pokémon
Country
WWE
The Office
Soccer
NFL
Puzzle
Song
hide this ad
More By:
Camel619
Quiz
Plays
Rating
Category
Featured
Created
Kenny Loggins Danger Zone Lyrics
687
4.33
Music
Oct 17, 2012
Go to Creator's Profile
Score Distribution
Quiz Creator Spotlight
Camel619
Follow
Send a Message
Quizzes Created
-
Created Quiz Play Count
-
More By This Creator
Popular Quizzes Today
1
Countries of Asia Without Outlines Minefield
2
Find the US States - No Outlines Minefield
3
Pick 6: Fruits
4
The Countries of the World
5
Alphabetical 'K' Countries by Flag Minefield
6
Find the Countries of Europe - No Outlines Minefield
7
US States
8
Find the US States
More Music Quizzes
Kpop Songs by Pre-Chorus
Quiz Lab
Trending Quizzes
Pick 6: Mountains
Pick 6: Harry Potter
Pick 6: Flags
Pick 6: NFL Teams
Pick 6: Movie Franchises
Recently Updated
Adaptations: Name the Title
pecheneg
NWSL Teams
pecheneg
Women's Final Four Teams by Year
bhenderson79
Presidents Quartet II
eogle
Anything But Clue(do)
eogle
Anything But Oceanian Capitals
eogle
Anything But 7
eogle
Anything But Thing
eogle
Word Ladder: February 29
pecheneg
Song Title Questions
pecheneg
Trending Topics
Anime
NBA
Kpop
Crossword
Disney
Marvel
Harry Potter
NFL
WWE
Song
Pokémon
The Office
Country
Soccer
Puzzle
Your Account Isn't Verified!
In order to create a playlist on Sporcle, you need to verify the email address you used during registration. Go to your
Sporcle Settings
to finish the process.
Report this User
Report this user for behavior that violates our
Community Guidelines
.
Details:
Send Report
Go to the Sporcle.com Mobile Site →
Comments